00680nam a2200241Ia 4500003000400000005001700004008004100021020001800062040000700080041000800087082001900095100002400114245002300138250000600161260004700167300001200214365001300226440000600239906002400245942001200269999001900281952013800300OSt20230505113237.0210423s2008 xx 000 0 und d a9788177585414 cAL aeng a547 223bFINI aFINAR (I L).998660 aOrganic chemistry. a5 aNew DelhibPearson Education Pvt Ltdc2008 a956bPB b625cINR v2 achemistry ; Organic 2ddccBK c163655d163655 001040708BIOCaSACPGbSACPGd2008-07-04eHigginbothams Pvt Ltdg625.00l0o547 FINIpPG010151r2022-08-24 00:00:00w2021-04-26yBK